000 00759nam a2200253Ia 4500
003 OSt
005 20221005084502.0
006 a|||||r|||| 00| 0
007 ta
008 221004b |||||||| |||| 00| 0 eng d
020 _a9780713999389 (hbk)
_c295
024 _a95034
037 _bDU65, 17/03/2009, Independent Publishers Group
_cTextual
040 _aCRL
_cCRL
_beng
041 _2eng
_aeng
082 _aY:45, P6
100 _aSen Amartya
245 0 _aIdentity and violence
_b The illusion of destiny
260 _aNew York
_bAllen Lane U.S.A
_c2006
300 _axx, 215p.
_ccm.
650 _aSOCIOLOGY
942 _hY:45, P6
_cTEXL
_2cc
999 _c992653
_d992653